书目信息 |
| 题名: |
看懂世界格局的第一本书
|
|
| 作者: | 王伟 著 | |
| 分册: | ||
| 出版信息: | 海口 南方出版社 2011 |
|
| 页数: | 297页 | |
| 开本: | 23cm | |
| 丛书名: | ||
| 单 册: | ||
| 中图分类: | D81 | |
| 科图分类: | ||
| 主题词: | 国际关系--研究 , 国际关系 | |
| 电子资源: | ||
| ISBN: | 978-7-5501-0164-7 | |
| 000 | 00831nam0 22002411 450 | |
| 001 | 519 | |
| 005 | 20140905101344.54 | |
| 010 | @a978-7-5501-0164-7@dCNY35.00 | |
| 100 | @a20111009d2011 em y0chiy50 ea | |
| 101 | 0 | @achi |
| 102 | @aCN@b460000 | |
| 105 | @aa z 000yy | |
| 106 | @ar | |
| 200 | 1 | @a看懂世界格局的第一本书@AKan Dong Shi Jie Ge Ju De Di Yi Ben Shu@f王伟著@FWang Wei Zhu |
| 210 | @a海口@c南方出版社@d2011 | |
| 215 | @a297页@c图,照片@d23cm | |
| 330 | @a本书将复杂多变的世界全景呈现出来,并从政治经济和地缘政治的角度对历史加以回顾和剖析,将其中所隐含的不变的规律一一展现,使大家能够了解当今世界格局形成的由来以及未来的走向。 | |
| 606 | 0 | @a国际关系@x研究 |
| 606 | 0 | @a国际关系 |
| 690 | @aD81@v5 | |
| 701 | 0 | @a王伟@AWang Wei@g(史政)@4著 |
| 801 | 0 | @aCN@bTANGWEI@c20140603 |
| 905 | @b0836799-801@dD81@e106@f3 | |
| 看懂世界格局的第一本书/王伟著.-海口:南方出版社,2011 |
| 297页:图,照片;23cm |
| ISBN 978-7-5501-0164-7:CNY35.00 |
| 本书将复杂多变的世界全景呈现出来,并从政治经济和地缘政治的角度对历史加以回顾和剖析,将其中所隐含的不变的规律一一展现,使大家能够了解当今世界格局形成的由来以及未来的走向。 |
| ● |
| 相关链接 |
|
|
|
|
正题名:看懂世界格局的第一本书
索取号:D81/106
 
预约/预借
| 序号 | 登录号 | 条形码 | 馆藏地/架位号 | 状态 | 备注 |
| 1 | 0836799 | 208367998 | 第一样本阅览室/ [索取号:D81/106] | 在馆 | |
| 2 | 0836800 | 208368005 | 密集书库-史法系/ [索取号:D81/106] | 在馆 | |
| 3 | 0836801 | 208368014 | 第一借阅区/ [索取号:D81/106] | 在馆 |